Trends in seasonality of natural rubber production in major producing countries: A disaggregate level analysis (Record no. 49728)

MARC details
000 -LEADER
fixed length control field 00517nam a2200181Ia 4500
100 ## - MAIN ENTRY--AUTHOR NAME
Personal name Veeraputhran S
245 #0 - TITLE STATEMENT
Title Trends in seasonality of natural rubber production in major producing countries: A disaggregate level analysis
260 ## - PUBLICATION, DISTRIBUTION, ETC. (IMPRINT)
Name of publisher Rubber Science
Year of publication 2017
300 ## - PHYSICAL DESCRIPTION
Number of Pages 66-75
650 ## - SUBJECT ADDED ENTRY--TOPICAL TERM
Topical Term Change-point analysis
650 ## - SUBJECT ADDED ENTRY--TOPICAL TERM
Topical Term Climate change
650 ## - SUBJECT ADDED ENTRY--TOPICAL TERM
Topical Term Production
650 ## - SUBJECT ADDED ENTRY--TOPICAL TERM
Topical Term Seasonality
700 ## - ADDED ENTRY--PERSONAL NAME
Personal name George K T
700 ## - ADDED ENTRY--PERSONAL NAME
Personal name Raj S
942 ## - ADDED ENTRY ELEMENTS (KOHA)
Koha item type Bibliography STAF
Holdings
Withdrawn status Lost status Damaged status Not for loan Home library Current library Shelving location Date acquired Serial Enumeration / chronology Koha item type
      Bibliography RRII Library RRII Library Economics 09/04/2014 Volume 30, Issue 1 Bibliography STAF